Приветствия VI Съезду Советов Союза ССР

Доступно только в Электронных читальных залах Найти на картеНа карте
RUSMARC
00004082nac2a22002893x 450
00186e45f33-0a3c-4d58-8e72-c6a21acf0b07
00520210715031715.0
100##$a20210610l1931 k y0rusy50 ca
1010#$arus
102##$aRU
105##$ay z |||||
1220#$ad19311231
2001#$aПриветствия VI Съезду Советов Союза ССР
$j1931
215##$a101 лист
251##$cДело
300##$aЗаголовок дела на папке: Приветствия 6 Съезду Советов Союза ССР
300##$aВ деле имеются телеграммы
300##$aМашинописный текст
330##$aВходит в раздел описи: VI-й Съезд Советов
461#0$1001796d4672-8a00-4986-b488-6e42273792cc
$12001
$aЦЕНТРАЛЬНЫЙ ИСПОЛНИТЕЛЬНЫЙ КОМИТЕТ СССР (ЦИК СССР)
$1251
$cФонд
$1852
$j3316
$gР
462#0$1001ffc5d47f-75c7-4b00-a108-34d4b382154c
$12001
$aДела VI-го Съезда Советов и 1-й, 2-й, 3-й, 4-й Сессий ЦИК СССР 6-го созыва. 1931-1934 гг.
$vД. 78
$1251
$cОпись
$1852
$j6
5171#$aПриветствия 6 Съезду Советов Союза ССР
60101$3RU\NLR\AUTH\880357276
$aСССР
$bЦИК
60101$3RU\NLR\AUTH\8810218417
$aСССР
$bСъезд Советов
$d6
801#0$aRU
$bGA_RF
801#1$aRU
$bГлавНИВЦ
$c20210610
$2rusmarc
801#2$aRU
$bПБ им. Б.Н. Ельцина
$c20210715
$gRCR
$2rusmarc
852##$aГА РФ
$j78
937##$d166158801
$hГАРФ
035##$aRuPRLIB51060369
856##$uhttp://readingroom.main.prlib.ru/item.aspx?id_node=n166158801&mode=full
Формат отображения